| 000 | 00971nam a22003137a 4500 | ||
|---|---|---|---|
| 003 | CHAP | ||
| 005 | 20220817044448.0 | ||
| 008 | 110802s2004 us a r 00010 eng d | ||
| 010 | _a101680 | ||
| 011 | _a102652 | ||
| 020 | _a9780486434841 | ||
| 035 | _a113341 | ||
| 040 | _cCHAP | ||
| 082 | 0 | 4 |
_a003.5 _bK63y |
| 100 | 1 |
_aKirk, Donald E. _963338 |
|
| 245 | 1 | 0 |
_aOptimal control theory : _ban introduction _c/por Donald E. Kirk |
| 260 |
_aNew York : _bDover, _c2004 |
||
| 300 |
_a452 p. : _bilus., tablas |
||
| 590 |
_aBATCH-UPD _b10 _c20130110 _lUCH01 _h1820 |
||
| 590 |
_aBATCH-UPD _b10 _c20130410 _lUCH01 _h1154 |
||
| 590 |
_aBATCH-UPD _b10 _c20130914 _lUCH01 _h1708 |
||
| 590 |
_aCONVERSION _b10 _c20130109 _lUCH01 _h1356 |
||
| 650 | 1 | 4 |
_aProcesamiento automático de datos. _991738 |
| 650 | 1 | 4 | _aProgramación. |
| 650 | 1 | 4 |
_aSistemas de control. _9106742 |
| 901 | _aBK | ||
| 942 | _cLIBRO | ||
| 949 |
_a003.5 K63 _bBC _cLIBRO _d33724002300496 _eLIBRO _h115431 _i113341 _sb |
||
| 999 |
_c101680 _d101680 |
||